000
00265nam a22001217a 4500
008
170824b xxu||||| |||| 00| 0 eng d
041
_a
eng
080
_a
51
100
_a
38
101
_a
MAT
245
_a
BASIC COLLEGE MATHEMATICS
_c
SLATE.T
942
_2
udc
_c
BK
999
_c
24813
_d
24813